|
|
|
|
| LEADER |
01129nam a22002657a 4500 |
| 001 |
19182 |
| 003 |
BD-DhAAL |
| 008 |
230612r20041997ii ||||| |||| 00| 0 ben d |
| 020 |
|
|
|a 8181750977
|
| 040 |
|
|
|a BD-DhAAL
|c BD-DhAAL
|
| 041 |
|
|
|a ben
|
| 082 |
|
|
|a 294.55120924
|
| 100 |
|
|
|a বন্দ্যোপাধ্যায়, দেবনাথ
|9 54609
|
| 245 |
|
|
|a চৈতন্যদেব /
|c দেবনাথ বন্দ্যোপাধ্যায়.
|
| 246 |
|
|
|a Chaitanyadeb :
|b a biography of Chaitanyadeb
|
| 260 |
|
|
|a কলকাতা :
|b প্যাপিরাস,
|c ১৯৯৭ [দ্বিতীয় মুদ্রণ ২০০৪].
|
| 300 |
|
|
|a ৫৪ পৃষ্ঠা ;
|c ১৮ সে.মি.
|
| 541 |
|
|
|e 19182
|
| 600 |
|
|
|a Chaitanya,
|d 1486-1534.
|9 54610
|
| 650 |
|
|
|a Art
|z India
|z Bengal.
|9 21959
|
| 650 |
|
|
|a Art
|z India
|z West Bengal.
|9 54611
|
| 852 |
|
|
|a Ayesha Abed Library
|c General Stacks
|
| 942 |
|
|
|2 ddc
|c BK
|
| 999 |
|
|
|c 45869
|d 45869
|
| 952 |
|
|
|0 0
|1 0
|2 ddc
|4 0
|6 294_551209240000000_BAN
|7 0
|9 73787
|a BIGD
|b BIGD
|c GEN
|d 2023-06-12
|g 25.00
|l 0
|o 294.55120924 BAN
|p 3050019182
|r 2023-06-12
|t 1
|w 0000-00-00
|y BK
|